The body on the doorstep. #1 / A.J. Mackenzie.
Available copies
- 1 of 1 copy available at LARL/NWRL Consortium.
Current holds
0 current holds with 1 total copy.
Show Only Available Copies
| Location | Call Number / Copy Notes | Barcode | Shelving Location | Status | Due Date |
|---|---|---|---|---|---|
| Moorhead Public Library | M MAC (Text) | 33500012644191 | Main | Available | - |
Record details
- ISBN: 9781785761201
- ISBN: 178576120X
- Physical Description: 264 pages : 1 map ; 20 cm.
- Publisher: London Zaffre, 2016.
- Copyright: ©2016.
Content descriptions
| Summary, etc.: | Kent, 1796. Shocked to discover a dying man on his ... Read More |
Search for related items by subject
| Subject: | Murder > Investigation > Fiction. Clergy > England > Romney Marsh > Fiction. Smugglers > England > Romney Marsh > Fiction. Romney Marsh (England) > Fiction. Great Britain > History > George III, 1760-1820 > Fiction. Romney March (England) > Fiction. |
| Genre: | Detective and mystery fiction. Historical fiction. |
Search for related items by series
| LDR | 02115cam a2200433Mi 4500 | ||
|---|---|---|---|
| 001 | 270415 | ||
| 003 | LARL_NWRL_CONSORTIUM | ||
| 005 | 20180215151621.0 | ||
| 008 | 160907t20162016enkb e 000 f eng | ||
| 040 | . | ‡aAU@ ‡beng ‡cAU@ ‡erda ‡dOCLCO ‡dYDX | |
| 019 | . | ‡a980438127 ‡a980684713 ‡a981197427 | |
| 020 | . | ‡a9781785761201 | |
| 020 | . | ‡a178576120X | |
| 035 | . | ‡a(OCoLC)959268968 ‡z(OCoLC)980438127 ‡z(OCoLC)980684713 ‡z(OCoLC)981197427 | |
| 042 | . | ‡aanuc | |
| 082 | 0 | 4. | ‡a823.92 ‡223 |
| 100 | 1 | . | ‡aMackenzie, A. J., ‡eauthor. |
| 245 | 1 | 4. | ‡aThe body on the doorstep. ‡n#1 / ‡cA.J. Mackenzie. |
| 264 | 1. | ‡aLondon ‡bZaffre, ‡c2016. | |
| 264 | 4. | ‡c©2016. | |
| 300 | . | ‡a264 pages : ‡b1 map ; ‡c20 cm. | |
| 336 | . | ‡atext ‡btxt ‡2rdacontent | |
| 337 | . | ‡aunmediated ‡bn ‡2rdamedia | |
| 338 | . | ‡avolume ‡bnc ‡2rdacarrier | |
| 490 | 0 | . | ‡aRomney Marsh ; ‡v1 |
| 520 | . | ‡aKent, 1796. Shocked to discover a dying man on his doorstep - and lucky to avoid a bullet himself - Reverend Hardcastle finds himself entrusted with the victim's cryptic last words. With smuggling rife on England's south-east coast, the obvious conclusion is that a dodgy deal has gone wrong. But why is the leader of the local Customs service so reluctant to investigate? Ably assisted by the ingenious Mrs Chaytor, Hardcastle sets out to solve the mystery for himself. But smugglers are not the only ones to lurk off the Kent coast, and the more he discovers, the more he realises he might have bitten off more than he can chew. | |
| 650 | 0. | ‡aMurder ‡xInvestigation ‡vFiction. ‡0(LARL_NWRL_CONSORTIUM)166203 | |
| 650 | 0. | ‡aClergy ‡zEngland ‡zRomney Marsh ‡vFiction. | |
| 650 | 0. | ‡aSmugglers ‡zEngland ‡zRomney Marsh ‡vFiction. | |
| 651 | 0. | ‡aRomney Marsh (England) ‡vFiction. | |
| 651 | 0. | ‡aGreat Britain ‡xHistory ‡yGeorge III, 1760-1820 ‡vFiction. ‡0(LARL_NWRL_CONSORTIUM)163132 | |
| 651 | 0. | ‡aRomney March (England) ‡vFiction. | |
| 655 | 7. | ‡aDetective and mystery fiction. ‡2lcgft | |
| 655 | 7. | ‡aHistorical fiction. ‡2lcgft | |
| 905 | . | ‡uvanderl | |
| 901 | . | ‡a270415 ‡b ‡c270415 ‡tbiblio ‡soclc | |

Add to basket
Permalink
Disable Highlighting